[Event "Wch Seniors 23rd 2013"]
[Site "Rijeka"]
[Date "2013.11.15"]
[Round "4.22"]
[White "Stepovoj, Vladimir"]
[Black "Vogel, Jaap"]
[Result "1/2-1/2"]
[WhiteElo "2345"]
[BlackElo "2191"]
[PlyCount "136"]
[EventDate "2013.11.12"]

1. d4 e6 2. c4 f5 3. g3 Nf6 4. Bg2 c6 5. Nf3 d5 6. a3 a5 7. O-O Be7 8. Qc2 O-O
9. Rd1 Ne4 10. Nc3 Nd7 11. Bf4 Qe8 12. Ne5 Nxc3 13. Qxc3 Nxe5 14. Bxe5 a4 15.
f3 Bd7 16. c5 Qd8 17. b4 axb3 18. Qxb3 Bc8 19. e4 Rf7 20. exf5 exf5 21. f4 Bf8
22. a4 Ra5 23. Rdb1 Be7 24. Qc3 Bf6 25. Rb6 Ra8 26. Qd2 Qd7 27. Bxf6 Rxf6 28.
a5 Re6 29. Re1 Rxe1+ 30. Qxe1 Kf7 31. Bf1 Qe7 32. Qxe7+ Kxe7 33. a6 Ra7 34.
axb7 Bxb7 35. Bd3 g6 36. Bb1 Kd8 37. Rb2 Bc8 38. Kf2 Ra4 39. Ke3 Ra3+ 40. Kd2
Ba6 41. Ra2 Rxa2+ 42. Bxa2 Bf1 43. Bb1 Bg2 44. Bd3 Bh3 45. Ke3 Ke7 46. Kf3 h6
47. Kf2 g5 48. Be2 Ke6 49. Bh5 Ke7 50. Bg6 Kd7 51. Ke1 Ke7 52. Kd2 Kd7 53. Kc3
Kd8 54. Kb4 Kd7 55. Ka5 Kc7 56. Ka6 Bg4 57. Ka7 Bh3 58. Ka6 Bg4 59. Ka5 Bh3 60.
Ka4 Kd7 61. Kb4 Bg4 62. fxg5 hxg5 63. h4 f4 64. h5 fxg3 65. h6 g2 66. h7 g1=Q
67. h8=Q Qe1+ 68. Kb3 Qe3+ 1/2-1/2

[Event "Wch Seniors 23rd 2013"]
[Site "Rijeka"]
[Date "2013.11.15"]
[Round "4.24"]
[White "Vikulov, Alexander"]
[Black "Singer, Hans"]
[Result "1/2-1/2"]
[WhiteElo "2290"]
[BlackElo "2177"]
[PlyCount "77"]
[EventDate "2013.11.12"]

1. e4 e5 2. Nf3 Nc6 3. d4 exd4 4. c3 d5 5. exd5 Qxd5 6. cxd4 Bg4 7. Be2 Bb4+ 8.
Nc3 Nge7 9. O-O Bxc3 10. bxc3 O-O 11. c4 Qd6 12. Bb2 Rad8 13. d5 Bxf3 14. Bxf3
Ne5 15. Re1 N7g6 16. Be2 Rfe8 17. Qd4 f6 18. f4 Nf7 19. g3 b6 20. Bg4 Nf8 21.
Re3 Rxe3 22. Qxe3 Qb4 23. Qb3 Qc5+ 24. Kg2 Re8 25. Ba3 Qd4 26. Rd1 Qe4+ 27. Bf3
Qf5 28. c5 bxc5 29. Bxc5 a6 30. Qc4 Nd6 31. Qxa6 Qc2+ 32. Bf2 Ne4 33. Bxe4 Qxd1
34. Qc4 Kh8 35. Bf3 Qd2 36. Qxc7 Qxa2 37. Bh5 Qxd5+ 38. Bf3 Qe6 39. Qc5 1/2-1/2

[Event "Wch Seniors 23rd 2013"]
[Site "Rijeka"]
[Date "2013.11.15"]
[Round "4.25"]
[White "Balmazi, Leon"]
[Black "Kiefer, Gerhard"]
[Result "0-1"]
[WhiteElo "2159"]
[BlackElo "2271"]
[PlyCount "76"]
[EventDate "2013.11.12"]

1. d4 Nf6 2. Nf3 c5 3. d5 b5 4. Bg5 Ne4 5. Bf4 d6 6. e3 Nd7 7. a4 b4 8. Bd3
Ndf6 9. h3 h6 10. Nbd2 Nxd2 11. Qxd2 g5 12. Bh2 Bg7 13. e4 g4 14. hxg4 Nxg4 15.
O-O-O Bd7 16. b3 Qa5 17. Qe2 Bc3 18. e5 Kd8 19. exd6 exd6 20. Nd2 Re8 21. Qf3
Nxh2 22. Rxh2 Bxa4 23. Nc4 Qa6 24. Nb2 Bb5 25. Na4 c4 26. Bxc4 Bxc4 27. Nxc3
bxc3 28. Qxc3 Bb5 29. Qf6+ Kc7 30. Rxh6 Rac8 31. Kb2 Re2 32. Ra1 Qb6 33. Qxf7+
Kb8 34. Rc1 Qd4+ 35. Ka3 Qc5+ 36. Kb2 Rxc2+ 37. Rxc2 Qxc2+ 38. Ka3 Qc1+ 0-1

[Event "Wch Seniors 23rd 2013"]
[Site "Rijeka"]
[Date "2013.11.15"]
[Round "4.26"]
[White "Grabow, Pouelsten Holm"]
[Black "Turikov, Viktor"]
[Result "1/2-1/2"]
[WhiteElo "2157"]
[BlackElo "2256"]
[PlyCount "37"]
[EventDate "2013.11.12"]

1. c4 Nf6 2. Nc3 e5 3. g3 c6 4. d4 d6 5. Bg2 Nbd7 6. e4 g6 7. Nge2 Bg7 8. O-O
O-O 9. Rb1 Re8 10. d5 cxd5 11. Nxd5 Nxd5 12. Qxd5 Nc5 13. b3 Be6 14. Qd1 a5 15.
Nc3 Ra6 16. Be3 Qc8 17. Rb2 a4 18. Rd2 axb3 19. axb3 1/2-1/2

[Event "Wch Seniors 23rd 2013"]
[Site "Rijeka"]
[Date "2013.11.15"]
[Round "4.27"]
[White "Kaminik, Aleksandar"]
[Black "Kierzek, Matthias"]
[Result "1-0"]
[WhiteElo "2138"]
[BlackElo "2250"]
[PlyCount "75"]
[EventDate "2013.11.12"]

1. d4 d5 2. c4 e6 3. cxd5 exd5 4. Nc3 c5 5. Nf3 Nc6 6. Bf4 Nf6 7. e3 c4 8. Be2
Bd6 9. Ne5 O-O 10. Bg3 Bf5 11. f4 Ne4 12. Nxd5 Qa5+ 13. Nc3 Nxc3 14. bxc3 Qxc3+
15. Kf2 Nxe5 16. fxe5 Ba3 17. Kf3 b5 18. Be1 Qb2 19. e4 c3 20. Bd3 Bg4+ 21.
Kxg4 Qxg2+ 22. Bg3 h5+ 23. Kf4 f5 24. exf5 Rad8 25. Be4 Qh3 26. Ke3 Be7 27. f6
gxf6 28. Qf1 Qg4 29. Qf5 Qxf5 30. Bxf5 fxe5 31. Be6+ Kh7 32. Bxe5 c2 33. h4 Ba3
34. Rhg1 c1=Q+ 35. Raxc1 Bxc1+ 36. Rxc1 Rfe8 37. Rc7+ Kh6 38. Bf5 1-0

[Event "Wch Seniors 23rd 2013"]
[Site "Rijeka"]
[Date "2013.11.15"]
[Round "4.28"]
[White "Gruzmann, Boris"]
[Black "Serra Olives, Tomas"]
[Result "1/2-1/2"]
[WhiteElo "2249"]
[BlackElo "2169"]
[PlyCount "83"]
[EventDate "2013.11.12"]

1. e4 e5 2. Nf3 Nc6 3. Bb5 a6 4. Ba4 Nf6 5. O-O Be7 6. Re1 b5 7. Bb3 d6 8. c3
O-O 9. d4 Bg4 10. d5 Na5 11. Bc2 c6 12. h3 Bd7 13. Nxe5 dxe5 14. d6 h6 15. dxe7
Qxe7 16. Nd2 c5 17. Nf1 Rad8 18. Qe2 c4 19. b4 Nc6 20. Be3 Rfe8 21. Bc5 Qe6 22.
Ng3 Ne7 23. Red1 Bc6 24. Qe3 Ng6 25. Nf5 Rd7 26. g3 Red8 27. Rxd7 Rxd7 28. Kh2
Kh7 29. Qe2 Kg8 30. Qe3 Kh7 31. Re1 Kg8 32. Re2 Qe8 33. f3 Qd8 34. h4 Nf8 35.
Bb6 Qb8 36. Qg1 Ne6 37. Be3 Nh5 38. Qc1 Qd8 39. Rd2 Rxd2+ 40. Qxd2 Qxd2+ 41.
Bxd2 Kf8 42. Kg2 1/2-1/2

[Event "Wch Seniors 23rd 2013"]
[Site "Rijeka"]
[Date "2013.11.15"]
[Round "4.29"]
[White "Petzold, Hans"]
[Black "Brinck-Claussen, Bjorn"]
[Result "1/2-1/2"]
[WhiteElo "2130"]
[BlackElo "2248"]
[PlyCount "43"]
[EventDate "2013.11.12"]

1. e4 e6 2. d4 d5 3. Nc3 Bb4 4. e5 c5 5. Bd2 Ne7 6. a3 Bxc3 7. bxc3 Bd7 8. Qg4
O-O 9. h4 Kh8 10. Nf3 Ba4 11. Rc1 c4 12. Rh3 Nd7 13. Ng5 h6 14. Be2 Qe8 15. Nf3
Nf5 16. Qf4 f6 17. Qh2 fxe5 18. Nxe5 Nxe5 19. Qxe5 Qg6 20. g4 Ne7 21. h5 Qf6
22. f4 1/2-1/2

[Event "Wch Seniors 23rd 2013"]
[Site "Rijeka"]
[Date "2013.11.15"]
[Round "4.33"]
[White "Morriss, Pete"]
[Black "Giulian, Philip M"]
[Result "0-1"]
[WhiteElo "2008"]
[BlackElo "2244"]
[PlyCount "68"]
[EventDate "2013.11.12"]

1. b4 e5 2. Bb2 Bxb4 3. Bxe5 Nf6 4. a3 Ba5 5. c4 O-O 6. e3 d5 7. cxd5 Nxd5 8.
Nf3 c5 9. Qc2 Qe7 10. Nc3 Nxc3 11. Bxc3 Bxc3 12. Qxc3 b6 13. Be2 Bb7 14. O-O
Nc6 15. Rfd1 Rfd8 16. Rac1 Rac8 17. Qb2 h6 18. Bf1 Rd6 19. Rc4 Rcd8 20. Rg4 Qf6
21. Qb1 Ne5 22. Nxe5 Qxe5 23. d3 Bc6 24. Rc1 Bd7 25. Re4 Qg5 26. h4 Qg6 27. g3
Bc6 28. Re7 Qf6 29. Re4 Bxe4 30. dxe4 Qf3 31. Bg2 Rd1+ 32. Kh2 Rxc1 33. Qxc1
Qxf2 34. Kh3 Rd2 0-1

[Event "Wch Seniors 23rd 2013"]
[Site "Rijeka"]
[Date "2013.11.15"]
[Round "4.34"]
[White "Harestad, Thor Geir"]
[Black "Mclaren, Brian"]
[Result "1/2-1/2"]
[WhiteElo "2238"]
[BlackElo "2158"]
[PlyCount "108"]
[EventDate "2013.11.12"]

1. d4 f5 2. g3 Nf6 3. Bg2 e6 4. Nf3 d5 5. O-O Bd6 6. Nbd2 Nbd7 7. b3 O-O 8. e3
b6 9. c4 Bb7 10. Bb2 Qe7 11. Rc1 Rac8 12. Rc2 Ne4 13. Ne5 Nxd2 14. Qxd2 Nxe5
15. dxe5 Bb4 16. Qc1 a5 17. Rd1 c6 18. Bd4 a4 19. c5 axb3 20. axb3 b5 21. Bb2
Ra8 22. Rd4 Ba5 23. b4 Bc7 24. f4 Ra4 25. Qd2 Rfa8 26. Bf3 Bc8 27. Rc1 Bd7 28.
Bd1 R4a7 29. Qe2 Be8 30. Rd2 Bd8 31. Qf3 Kh8 32. Rg2 Qf8 33. Bb3 Bg6 34. h3 Be8
35. Kh2 Rb7 36. Rcg1 Raa7 37. Bc2 g6 38. Rf2 Ra2 39. Bb3 Raa7 40. Qe2 Rf7 41.
Rgf1 Kg8 42. Qd3 Qh6 43. Bd1 Qf8 44. Bd4 Rg7 45. Rg2 Kh8 46. Rff2 Rgb7 47. Kg1
Qh6 48. Rh2 Qf8 49. g4 Kg8 50. Qb1 Rg7 51. Rfg2 Kh8 52. Qb3 Kg8 53. h4 h5 54.
g5 Rgb7 1/2-1/2

[Event "Wch Seniors 23rd 2013"]
[Site "Rijeka"]
[Date "2013.11.15"]
[Round "4.35"]
[White "Theting, Helge E"]
[Black "Lind, Jan-Olof"]
[Result "0-1"]
[WhiteElo "1979"]
[BlackElo "2238"]
[PlyCount "74"]
[EventDate "2013.11.12"]

1. Nf3 Nf6 2. g3 g6 3. Bg2 Bg7 4. O-O O-O 5. d3 d6 6. e4 c5 7. Nbd2 Nc6 8. a4
Rb8 9. Nc4 Bg4 10. h3 Bxf3 11. Bxf3 b6 12. c3 a6 13. d4 cxd4 14. cxd4 d5 15. e5
Ne8 16. Bf4 Rc8 17. Ne3 e6 18. Be2 g5 19. Bxg5 Qxg5 20. Bxa6 Rc7 21. h4 Qe7 22.
g4 f6 23. f4 fxe5 24. dxe5 Qb4 25. Nc2 Qc5+ 26. Kg2 Rcf7 27. Qd2 Nc7 28. Be2 d4
29. b4 Qd5+ 30. Bf3 Qc4 31. b5 Na5 32. Na3 Qc5 33. Rfc1 Qe7 34. Qxd4 Rxf4 35.
Qxb6 Rxf3 36. Rxc7 Qxh4 37. Qxe6+ Kh8 0-1

[Event "Wch Seniors 23rd 2013"]
[Site "Rijeka"]
[Date "2013.11.15"]
[Round "4.36"]
[White "Gergel, Vladimir P"]
[Black "Nickl, Klaus"]
[Result "1/2-1/2"]
[WhiteElo "2237"]
[BlackElo "2122"]
[PlyCount "52"]
[EventDate "2013.11.12"]

1. e4 e5 2. Nf3 Nc6 3. Bb5 a6 4. Ba4 Nf6 5. O-O Be7 6. d3 b5 7. Bb3 d6 8. a3
O-O 9. Be3 Bg4 10. Nc3 Na5 11. Ba2 c5 12. h3 Be6 13. Nd5 Nxd5 14. exd5 Bd7 15.
b4 cxb4 16. axb4 Nb7 17. Qd2 Kh8 18. Rac1 a5 19. bxa5 Qxa5 20. Bb3 f5 21. Qxa5
Nxa5 22. Ba2 f4 23. Bd2 Nb7 24. Bb1 Ra4 25. c4 Na5 26. Bc2 Ra2 1/2-1/2

[Event "Wch Seniors 23rd 2013"]
[Site "Rijeka"]
[Date "2013.11.15"]
[Round "4.37"]
[White "Giesen, Dieter"]
[Black "Ladisic, Alex-Sacha"]
[Result "1/2-1/2"]
[WhiteElo "2235"]
[BlackElo "1948"]
[PlyCount "81"]
[EventDate "2013.11.12"]

1. e4 e5 2. Nf3 Nc6 3. Bb5 a6 4. Ba4 Nf6 5. Qe2 Be7 6. c3 b5 7. Bb3 O-O 8. O-O
d6 9. h3 Na5 10. Bc2 c5 11. d3 Qc7 12. a3 c4 13. d4 Bd7 14. Be3 Rfe8 15. Nbd2
h6 16. d5 Rab8 17. Nh2 Nh7 18. f4 exf4 19. Bxf4 Bg5 20. Qf3 Bxf4 21. Qxf4 f6
22. Rae1 Bc8 23. Re3 Qe7 24. Rg3 Kh8 25. Nhf3 g5 26. Qe3 h5 27. Nd4 h4 28. Rgf3
Rb7 29. Nf5 Bxf5 30. Rxf5 Qc7 31. Qf3 Re5 32. Kh1 Rxf5 33. Qxf5 Qd7 34. Qf2 Qe7
35. Nf3 Rb8 36. Nh2 Nb3 37. Ng4 Rf8 38. Bxb3 cxb3 39. Qd4 a5 40. Rf5 a4 41. Nf2
1/2-1/2

[Event "Wch Seniors 23rd 2013"]
[Site "Rijeka"]
[Date "2013.11.15"]
[Round "4.38"]
[White "Barkman, Rolf"]
[Black "Moen, Ole Christian"]
[Result "0-1"]
[WhiteElo "1867"]
[BlackElo "2232"]
[PlyCount "54"]
[EventDate "2013.11.12"]

1. e4 e5 2. f4 exf4 3. Nf3 Nf6 4. e5 Nh5 5. d4 d6 6. Bc4 d5 7. Bd3 Bg4 8. O-O
Nc6 9. c3 g6 10. Nbd2 Ne7 11. Qe1 Bf5 12. Be2 Bh6 13. Nh4 Ng7 14. Nb3 Ne6 15.
Na5 Rb8 16. b4 Be4 17. Nb3 g5 18. Nf3 b6 19. Nbd2 Bc2 20. a4 Nf5 21. Nb1 g4 22.
Bb5+ Kf8 23. Na3 gxf3 24. Nxc2 fxg2 25. Rf3 Nh4 26. Rh3 Ng5 27. Qxh4 Nf3+ 0-1

[Event "Wch Seniors 23rd 2013"]
[Site "Rijeka"]
[Date "2013.11.15"]
[Round "4.39"]
[White "Postler, Reinhard"]
[Black "Christiansen, Arne"]
[Result "1/2-1/2"]
[WhiteElo "2232"]
[BlackElo "2117"]
[PlyCount "153"]
[EventDate "2013.11.12"]

1. e4 e5 2. Nf3 Nc6 3. Bb5 a6 4. Ba4 Nf6 5. O-O Be7 6. Re1 b5 7. Bb3 d6 8. c3
O-O 9. d3 Na5 10. Bc2 c5 11. Nbd2 Qc7 12. Nf1 Re8 13. Ng3 Nc6 14. h3 Bd7 15.
Nh2 Rac8 16. Qf3 a5 17. Ng4 Nxg4 18. hxg4 Qd8 19. Nf5 Bxf5 20. gxf5 Bg5 21.
Bxg5 Qxg5 22. a4 b4 23. Bb3 Rb8 24. Bc4 Re7 25. Bd5 Rc7 26. Re2 Ne7 27. Bc4
Rcb7 28. Bb5 Rc7 29. g3 Kf8 30. Kg2 Ng8 31. Rh1 Nf6 32. Rc2 h6 33. Rh4 Rbb7 34.
Qe2 Ne8 35. f4 Qf6 36. Qf3 Re7 37. Rh1 exf4 38. Qxf4 Rbc7 39. g4 Kg8 40. Kf3
Qe5 41. Qxe5 dxe5 42. Bc4 Nd6 43. Bd5 Re8 44. cxb4 axb4 45. g5 hxg5 46. Kg4 Kf8
47. Kxg5 Ke7 48. b3 Rec8 49. Rch2 Rg8 50. Rh8 Rcc8 51. Rxg8 Rxg8 52. Rc1 Rc8
53. a5 Nb5 54. Bb7 Rc7 55. a6 Na7 56. Bd5 Nb5 57. Bb7 Na7 58. Rh1 Rd7 59. Rh8
Rd8 60. Rh3 Nb5 61. Bd5 Nc7 62. Bc4 Ra8 63. Rh7 Ne8 64. Rh8 Ra7 65. Rg8 Nd6 66.
Rxg7 Nxc4 67. f6+ Ke6 68. dxc4 Rxa6 69. Rg8 Ra3 70. Re8+ Kd6 71. Rd8+ Ke6 72.
Re8+ Kd6 73. Kf5 Rxb3 74. Rd8+ Kc6 75. Kxe5 Rc3 76. Rc8+ Kb6 77. Rb8+ 1/2-1/2

[Event "Wch Seniors 23rd 2013"]
[Site "Rijeka"]
[Date "2013.11.15"]
[Round "4.40"]
[White "Urbanc, Vinko"]
[Black "Trois, Francisco R.T"]
[Result "0-1"]
[WhiteElo "1842"]
[BlackElo "2229"]
[PlyCount "54"]
[EventDate "2013.11.12"]

1. e4 c5 2. Nf3 e6 3. d4 cxd4 4. Nxd4 a6 5. Be3 Nf6 6. Bd3 Nc6 7. c3 Qc7 8. O-O
Ne5 9. Bf4 d6 10. Bg3 Be7 11. Na3 O-O 12. Rc1 b6 13. Bb1 Bb7 14. f4 Nc6 15. Qe2
g6 16. Nc4 Nh5 17. Qe1 Rad8 18. Bh4 d5 19. exd5 Nxd4 20. Bxe7 Qxe7 21. cxd4
Bxd5 22. Nxb6 Bxg2 23. Rf2 Bb7 24. Rd1 Qc7 25. Qb4 Nxf4 26. Qb3 Qc6 27. d5 Nxd5
0-1

[Event "Wch Seniors 23rd 2013"]
[Site "Rijeka"]
[Date "2013.11.15"]
[Round "4.41"]
[White "Blechzin, Igor"]
[Black "Kiselev, Alexander"]
[Result "1-0"]
[WhiteElo "2411"]
[BlackElo "2113"]
[PlyCount "71"]
[EventDate "2013.11.12"]

1. Nf3 d5 2. d4 Nf6 3. c4 dxc4 4. e3 Bg4 5. Nbd2 e6 6. Nxc4 Bb4+ 7. Bd2 Bxd2+
8. Qxd2 Bxf3 9. gxf3 Nc6 10. O-O-O Qe7 11. f4 Nb4 12. a3 Nbd5 13. Bd3 Nb6 14.
Ne5 O-O-O 15. Kb1 Ne8 16. Rc1 f6 17. Nc4 Nxc4 18. Rxc4 e5 19. fxe5 fxe5 20. Qa5
a6 21. Rhc1 Rf8 22. Rc5 Qd6 23. Rxe5 Rxf2 24. Rcc5 g6 25. Bc4 Rf6 26. Bd5 Kb8
27. Qa4 Qf8 28. Qc2 Rf1+ 29. Ka2 Rf2 30. Qb3 Nd6 31. Re6 b6 32. Ra5 Nb7 33.
Rxa6 Rd6 34. Qa4 Rxb2+ 35. Kxb2 Qf2+ 36. Kb3 1-0

[Event "Wch Seniors 23rd 2013"]
[Site "Rijeka"]
[Date "2013.11.15"]
[Round "4.42"]
[White "Meizlin, Yaacov"]
[Black "Kristiansen, Jens"]
[Result "0-1"]
[WhiteElo "2102"]
[BlackElo "2407"]
[PlyCount "102"]
[EventDate "2013.11.12"]

1. e4 g6 2. d4 Bg7 3. c3 d6 4. f4 Nf6 5. e5 dxe5 6. fxe5 Nd5 7. Nf3 O-O 8. Bc4
c5 9. O-O cxd4 10. cxd4 Nc6 11. Nc3 Nb6 12. Bb5 Bg4 13. Be3 Nd5 14. Nxd5 Qxd5
15. Bxc6 Qxc6 16. h3 Be6 17. Qd2 Bd5 18. Rac1 Qd7 19. a3 Rac8 20. Nh2 Be6 21.
Rxc8 Rxc8 22. Rc1 Rd8 23. Qc3 Bd5 24. Qc7 Bc6 25. Qxd7 Rxd7 26. Nf3 Rd5 27. b4
f6 28. exf6 exf6 29. Rc5 Bf8 30. Rxd5 Bxd5 31. Kf2 Kf7 32. g4 Ke6 33. Ne1 Be4
34. d5+ Kxd5 35. Bxa7 Kc4 36. Ke3 f5 37. Nf3 Kb3 38. Nd2+ Kxa3 39. Nxe4 fxe4
40. b5 Kb4 41. b6 Kb5 42. Kxe4 Bc5 43. Kf4 Bxb6 44. Bb8 Kc4 45. Kg5 Be3+ 46.
Kf6 b5 47. Kg7 b4 48. Bd6 Bc5 49. Bf4 b3 50. Bc1 Kc3 51. Kxh7 Kc2 0-1

[Event "Wch Seniors 23rd 2013"]
[Site "Rijeka"]
[Date "2013.11.15"]
[Round "4.43"]
[White "Herzog, Adolf"]
[Black "Hutchinson, Norman A"]
[Result "1-0"]
[WhiteElo "2379"]
[BlackElo "2106"]
[PlyCount "47"]
[EventDate "2013.11.12"]

1. f4 d5 2. Nf3 g6 3. g3 Bg7 4. Bg2 Nf6 5. O-O O-O 6. d3 c5 7. Qe1 b6 8. h3 Bb7
9. g4 Qc7 10. Na3 Nbd7 11. Qh4 Qd6 12. c3 Bc6 13. Nc2 Kh8 14. Ng5 h6 15. Nf3
Nh7 16. g5 h5 17. f5 Ne5 18. Bf4 Nxf3+ 19. Rxf3 Be5 20. Raf1 e6 21. Bxe5+ Qxe5
22. Re3 Qd6 23. f6 Rad8 24. d4 1-0

[Event "Wch Seniors 23rd 2013"]
[Site "Rijeka"]
[Date "2013.11.15"]
[Round "4.44"]
[White "Pushkov, Nikolai"]
[Black "Danielsson, Robert"]
[Result "1-0"]
[WhiteElo "2371"]
[BlackElo "2098"]
[PlyCount "75"]
[EventDate "2013.11.12"]

1. Nf3 Nf6 2. c4 g6 3. Nc3 d5 4. cxd5 Nxd5 5. Qb3 Nb6 6. d4 c6 7. Bf4 Be6 8.
Qc2 Bg7 9. Rd1 O-O 10. e3 N8d7 11. Be2 Nf6 12. e4 Bg4 13. O-O Nbd7 14. h3 Bxf3
15. Bxf3 Qa5 16. d5 Rac8 17. dxc6 bxc6 18. Be2 e5 19. Bd2 Qb6 20. Na4 Qb7 21.
Bc4 c5 22. f3 Qc6 23. Nc3 Nb6 24. b3 h6 25. Nb5 Qa8 26. Be3 a6 27. Nc3 Nxc4 28.
bxc4 Qc6 29. Nd5 Rfe8 30. Nxf6+ Qxf6 31. Rd5 Bf8 32. Rb1 Red8 33. Rb7 Rxd5 34.
exd5 e4 35. Qxe4 Qa1+ 36. Kh2 Qxa2 37. Qf4 f5 38. Qe5 1-0

[Event "Wch Seniors 23rd 2013"]
[Site "Rijeka"]
[Date "2013.11.15"]
[Round "4.46"]
[White "Kurka, Dieter"]
[Black "Herbrechtsmeier, Christof"]
[Result "1/2-1/2"]
[WhiteElo "2091"]
[BlackElo "2302"]
[PlyCount "37"]
[EventDate "2013.11.12"]

1. d4 Nf6 2. c4 g6 3. Nc3 d5 4. cxd5 Nxd5 5. Bd2 Nb6 6. Bg5 Bg7 7. Nf3 h6 8.
Bf4 O-O 9. Be5 N8d7 10. Bxg7 Kxg7 11. e4 Nf6 12. Be2 Bg4 13. h3 Bxf3 14. Bxf3
e5 15. dxe5 Nfd7 16. O-O Nxe5 17. Be2 Qxd1 18. Rfxd1 c6 19. f4 1/2-1/2

[Event "Wch Seniors 23rd 2013"]
[Site "Rijeka"]
[Date "2013.11.15"]
[Round "4.47"]
[White "Zhukov, Viktor I"]
[Black "Hess, Christian"]
[Result "0-1"]
[WhiteElo "2069"]
[BlackElo "2285"]
[PlyCount "48"]
[EventDate "2013.11.12"]

1. e4 c6 2. d4 d5 3. e5 Bf5 4. Nf3 e6 5. Be2 Ne7 6. O-O Nc8 7. c3 Be7 8. Bd3
Bxd3 9. Qxd3 Nd7 10. b3 c5 11. Bb2 O-O 12. Nbd2 cxd4 13. cxd4 a6 14. Rac1 Na7
15. Ne1 Qa5 16. Bc3 Qb6 17. Nc2 Rac8 18. Nb1 Rc6 19. Bd2 Rfc8 20. Ne3 Qb5 21.
Qxb5 Nxb5 22. Rxc6 Rxc6 23. f4 Nxd4 24. Kf2 Nc5 0-1

[Event "Wch Seniors 23rd 2013"]
[Site "Rijeka"]
[Date "2013.11.15"]
[Round "4.48"]
[White "Kolbak, Jens"]
[Black "Toefferl, Heimo"]
[Result "1/2-1/2"]
[WhiteElo "2271"]
[BlackElo "2089"]
[PlyCount "26"]
[EventDate "2013.11.12"]

1. d4 e6 2. Nf3 d5 3. c4 c6 4. e3 f5 5. Bd3 Bd6 6. O-O Ne7 7. b3 O-O 8. Ba3 Bc7
9. Nbd2 Nd7 10. Rc1 Nf6 11. Ne5 Bd7 12. Nxd7 Nxd7 13. Nf3 Rf6 1/2-1/2

[Event "Wch Seniors 23rd 2013"]
[Site "Rijeka"]
[Date "2013.11.15"]
[Round "4.49"]
[White "Finnlaugsson, Gunnar"]
[Black "Schmidt, Gerhard"]
[Result "1/2-1/2"]
[WhiteElo "2082"]
[BlackElo "2237"]
[PlyCount "34"]
[EventDate "2013.11.12"]

1. e4 c5 2. Nf3 d6 3. d4 cxd4 4. Qxd4 Nc6 5. Bb5 Bd7 6. Bxc6 Bxc6 7. Nc3 Nf6 8.
Bg5 e6 9. O-O-O Be7 10. Rhe1 O-O 11. Qd2 Qc7 12. Nd4 Rfd8 13. f4 h6 14. Bxf6
Bxf6 15. g4 Bxd4 16. Qxd4 e5 17. Qe3 exf4 1/2-1/2

[Event "Wch Seniors 23rd 2013"]
[Site "Rijeka"]
[Date "2013.11.15"]
[Round "4.50"]
[White "Pfitzer, Norbert"]
[Black "Hammar, Bengt"]
[Result "0-1"]
[WhiteElo "2047"]
[BlackElo "2231"]
[PlyCount "94"]
[EventDate "2013.11.12"]

1. d4 Nf6 2. Nf3 g6 3. g3 Bg7 4. Bg2 O-O 5. c4 d6 6. Nc3 Nbd7 7. O-O e5 8. dxe5
dxe5 9. Qc2 c6 10. Rd1 Re8 11. Bg5 Qc7 12. Qd2 Nc5 13. Be3 Bf8 14. Ng5 Bf5 15.
b4 Red8 16. Qb2 Ne6 17. Rxd8 Rxd8 18. Nxe6 Bxe6 19. Bg5 Be7 20. c5 Rd4 21. b5
Rc4 22. bxc6 bxc6 23. Rb1 Kg7 24. Qa3 Bxc5 25. Bxf6+ Kxf6 26. Ne4+ Rxe4 27.
Qxc5 Rd4 28. Qf8 Rd8 29. Qh6 Bxa2 30. Rc1 Bd5 31. e4 Be6 32. h4 c5 33. g4 c4
34. Qg5+ Kg7 35. h5 f6 36. Qh4 g5 37. h6+ Kg8 38. Qg3 Qb6 39. Bf1 Qb2 40. Qe3
Rd4 41. Bxc4 Qb6 42. Qa3 Kf7 43. Bd5 Bxd5 44. exd5 Rxg4+ 45. Kh1 Qxf2 46. Rc7+
Kg6 47. Qd3+ e4 0-1

[Event "Wch Seniors 23rd 2013"]
[Site "Rijeka"]
[Date "2013.11.15"]
[Round "4.52"]
[White "Schouten, Nico"]
[Black "Davydov, Mihail"]
[Result "0-1"]
[WhiteElo "2201"]
[BlackElo "2058"]
[PlyCount "64"]
[EventDate "2013.11.12"]

1. d4 d5 2. c4 c6 3. Nc3 Nf6 4. Nf3 e6 5. Bg5 dxc4 6. a4 Bb4 7. Qc2 Nbd7 8. e3
b5 9. Be2 Bb7 10. O-O a6 11. Nd2 O-O 12. Bf3 Qb6 13. b3 Nd5 14. Ncb1 h6 15. Bh4
cxb3 16. Nxb3 c5 17. axb5 axb5 18. dxc5 Nxc5 19. N1d2 Na4 20. Qe4 Bc3 21. Rac1
Rfc8 22. g4 Nb2 23. g5 Ra4 24. Nd4 hxg5 25. Bxg5 Bxd2 26. Rxc8+ Bxc8 27. Qh4
Bc3 28. Be4 f5 29. Nxf5 exf5 30. Bxd5+ Be6 31. Qh5 Rg4+ 32. Bg2 Bf7 0-1

[Event "Wch Seniors 23rd 2013"]
[Site "Rijeka"]
[Date "2013.11.15"]
[Round "4.53"]
[White "Gundersen, Helge"]
[Black "Bondar, Leonid"]
[Result "1/2-1/2"]
[WhiteElo "2183"]
[BlackElo "2049"]
[PlyCount "106"]
[EventDate "2013.11.12"]

1. b3 Nf6 2. Bb2 e6 3. e3 d5 4. Nf3 c5 5. Bb5+ Bd7 6. a4 a6 7. Be2 Nc6 8. Ne5
Nxe5 9. Bxe5 Bc6 10. O-O Nd7 11. f4 Nxe5 12. fxe5 Qg5 13. Na3 Qxe5 14. Qe1 Bd6
15. Qh4 O-O 16. c3 f5 17. Nc2 Qf6 18. Qxf6 Rxf6 19. d4 Raf8 20. b4 cxb4 21.
cxb4 Bd7 22. b5 a5 23. Ne1 f4 24. exf4 Bxf4 25. Nf3 Be8 26. Ra3 Bh5 27. Rc3
R6f7 28. g3 Bd6 29. Kg2 h6 30. Re3 Bg4 31. Ne5 Rxf1 32. Bxf1 Bf5 33. Rc3 Be4+
34. Kg1 Bb4 35. Rb3 Rc8 36. Bh3 Bf5 37. Bxf5 exf5 38. Kf2 Rc2+ 39. Kf3 Rxh2 40.
Kf4 Rf2+ 41. Nf3 Bd6+ 42. Kxf5 Kf7 43. Kg4 Ra2 44. Nh4 Rxa4 45. Nf5 Be5 46. Kf3
Ke6 47. Re3 Kxf5 48. Rxe5+ Kf6 49. Rxd5 Rb4 50. Rd6+ Kf5 51. g4+ Kg5 52. Rd5+
Kf6 53. Rd6+ Kg5 1/2-1/2

[Event "Wch Seniors 23rd 2013"]
[Site "Rijeka"]
[Date "2013.11.15"]
[Round "4.55"]
[White "Ofstad, Per"]
[Black "Belistri, Ubaldo"]
[Result "1-0"]
[WhiteElo "2181"]
[BlackElo "2016"]
[PlyCount "64"]
[EventDate "2013.11.12"]

1. e4 e6 2. d4 d5 3. Nd2 Nf6 4. e5 Nfd7 5. Bd3 c5 6. c3 cxd4 7. cxd4 Nc6 8. Ne2
Be7 9. O-O O-O 10. Nf3 f5 11. exf6 Nxf6 12. Nc3 Bd7 13. Qe2 Qe8 14. Bf4 Qh5 15.
Bg3 g5 16. Rad1 Rf7 17. Ne5 Qxe2 18. Bxe2 Nxe5 19. Bxe5 a6 20. f4 gxf4 21. Rxf4
Raf8 22. Rdf1 Ne8 23. Rxf7 Rxf7 24. Rxf7 Kxf7 25. Bh5+ Kf8 26. Bg4 Bf6 27. Nxd5
Bg5 28. Kf2 h5 29. Nb6 hxg4 30. Nxd7+ Ke7 31. Nc5 Nd6 32. Bxd6+ Kxd6 1-0

[Event "Wch Seniors 23rd 2013"]
[Site "Rijeka"]
[Date "2013.11.15"]
[Round "4.56"]
[White "Neumann, Joachim"]
[Black "Skok, Joze"]
[Result "1-0"]
[WhiteElo "2175"]
[BlackElo "2003"]
[PlyCount "63"]
[EventDate "2013.11.12"]

1. e4 e6 2. d4 d5 3. Nd2 Nf6 4. e5 Nfd7 5. Bd3 c5 6. c3 Nc6 7. Ne2 Qb6 8. Nf3
Be7 9. O-O O-O 10. a3 a5 11. Bc2 c4 12. Nf4 Qd8 13. Re1 b5 14. Nh3 g6 15. Qd2
Re8 16. Qf4 Bf8 17. Qg3 Be7 18. Nfg5 Nf8 19. Nf3 Nd7 20. Nf4 Bf8 21. h4 Bg7 22.
h5 Ne7 23. Qh3 Nf8 24. g4 f6 25. hxg6 hxg6 26. exf6 Bxf6 27. Ne5 Bxe5 28. Rxe5
Nc6 29. Nxg6 Nxg6 30. Bxg6 Qc7 31. Rh5 Qg7 32. Bxe8 1-0

[Event "Wch Seniors 23rd 2013"]
[Site "Rijeka"]
[Date "2013.11.15"]
[Round "4.57"]
[White "Diaz Franco, Francisco Jorge"]
[Black "Zhelesny, Stanislav"]
[Result "1/2-1/2"]
[WhiteElo "1966"]
[BlackElo "2109"]
[PlyCount "37"]
[EventDate "2013.11.12"]

1. Nf3 Nf6 2. d4 g6 3. g3 Bg7 4. Bg2 O-O 5. O-O d5 6. Nbd2 Nbd7 7. c4 c6 8. b3
e5 9. dxe5 Ng4 10. cxd5 cxd5 11. Bb2 Ngxe5 12. Nd4 Nc5 13. Rc1 Ne6 14. N2f3
Nxf3+ 15. Bxf3 Ng5 16. Bg2 Bh3 17. Qd2 Bxg2 18. Kxg2 Ne4 19. Qd3 1/2-1/2